Cambian los tiempos, cambian los escenarios : la evaluación en modelos flexibles de educación virtual y a distancia (Record no. 144888)

MARC details
000 -CABECERA
campo de control de longitud fija 00586nab a2200193 a 4500
005 - FECHA Y HORA DE LA ÚLTIMA TRANSACCIÓN
campo de control 20210219160807.0
008 - ELEMENTOS DE LONGITUD FIJA--INFORMACIÓN GENERAL
campo de control de longitud fija 991125s1985 mx 000 0 spa u
035 ## - NÚMERO DE CONTROL DEL SISTEMA
Número de control de sistema UPN01000172784
100 1# - ASIENTO PRINCIPAL--NOMBRE PERSONAL
Nombre de persona Moreno Olivos, Tiburcio
222 ## - TÍTULO CLAVE
Título clave EDUCARE
245 ## - MENCIÓN DE TÍTULO
Título Cambian los tiempos, cambian los escenarios : la evaluación en modelos flexibles de educación virtual y a distancia
260 ## - PUBLICACIÓN, DISTRIBUCIÓN, ETC.
Lugar de publicación, distribución, etc. México
300 ## - DESCRIPCIÓN FÍSICA
Extensión 14-22
362 0# - FECHAS DE PUBLICACIÓN Y/O DESIGNACIÓN SECUENCIAL
Fecha de publicación y/o designación secuencial 2008 Año 3, no. 4, may.
653 0# - TERMINO DE INDIZACION - NO CONTROLADO
Término no controlado EDUCACION VIRTUAL
653 0# - TERMINO DE INDIZACION - NO CONTROLADO
Término no controlado EVALUACION EDUCATIVA
653 0# - TERMINO DE INDIZACION - NO CONTROLADO
Término no controlado NUEVAS TECNOLOGIAS
905 ## - TIPO DE MATERIAL
Tipo de material Articulo

No items available.